<?xml version="1.0" encoding="UTF-8"?>
<record
    xmlns:xsi="http://www.w3.org/2001/XMLSchema-instance"
    xsi:schemaLocation="http://www.loc.gov/MARC21/slim http://www.loc.gov/standards/marcxml/schema/MARC21slim.xsd"
    xmlns="http://www.loc.gov/MARC21/slim">

  <leader>02286nam a2200337 i 4500</leader>
  <controlfield tag="001">000000435422</controlfield>
  <controlfield tag="003">IT-MiSPE</controlfield>
  <controlfield tag="005">20250222185646.0</controlfield>
  <controlfield tag="008">190108s2018    it            001 udita d</controlfield>
  <datafield tag="020" ind1=" " ind2=" ">
    <subfield code="a">9788839409256</subfield>
    <subfield code="c">84.00 EUR</subfield>
  </datafield>
  <datafield tag="040" ind1=" " ind2=" ">
    <subfield code="a">IT-MiSPE</subfield>
    <subfield code="b">ita</subfield>
    <subfield code="d">IT-MiSPE</subfield>
    <subfield code="c">IT-MiSPE</subfield>
  </datafield>
  <datafield tag="082" ind1=" " ind2=" ">
    <subfield code="a">227.092-SCH ud pa (ppv 23345)</subfield>
  </datafield>
  <datafield tag="100" ind1="1" ind2=" ">
    <subfield code="a">Schnelle, Udo,</subfield>
    <subfield code="d">1952-,</subfield>
    <subfield code="e">autore.</subfield>
    <subfield code="9">60958</subfield>
  </datafield>
  <datafield tag="240" ind1="1" ind2="0">
    <subfield code="a">Paulus: Leben und Denken.</subfield>
    <subfield code="l">Italiano</subfield>
  </datafield>
  <datafield tag="245" ind1="1" ind2="0">
    <subfield code="a">Paolo: vita e pensiero /</subfield>
    <subfield code="c">Udo Schnelle ; edizione italiana a cura di Stefano Franchini.</subfield>
  </datafield>
  <datafield tag="264" ind1=" " ind2="4">
    <subfield code="c">&#xA9;2018.</subfield>
  </datafield>
  <datafield tag="264" ind1=" " ind2="1">
    <subfield code="a">Brescia :</subfield>
    <subfield code="b">Paideia Editrice,</subfield>
    <subfield code="c">[2018]</subfield>
  </datafield>
  <datafield tag="300" ind1=" " ind2=" ">
    <subfield code="a">742 pagine ;</subfield>
    <subfield code="c">22 cm</subfield>
  </datafield>
  <datafield tag="490" ind1="1" ind2=" ">
    <subfield code="a">Biblioteca del commentario Paideia ;</subfield>
    <subfield code="v">7</subfield>
  </datafield>
  <datafield tag="500" ind1=" " ind2=" ">
    <subfield code="a">Tit. orig.: Paulus: Leben und Denken</subfield>
  </datafield>
  <datafield tag="504" ind1=" " ind2=" ">
    <subfield code="a">Bibliografia (p. [661]-689) e indici</subfield>
  </datafield>
  <datafield tag="520" ind1=" " ind2=" ">
    <subfield code="a">Questo volume di Udo Schnelle &#xE8; un&#x2019;introduzione alla vita e al pensiero di Paolo, oltre che alle singole lettere considerate dalla prospettiva dell&#x2019;occasione in cui vennero scritte, e approfondite nei loro contenuti in rapporto alle diverse fasi della concezione del vangelo che Paolo and&#xF2; sviluppando. Intento dell&#x2019;autore &#xE8; di mostrare come la figura di Paolo sia tanto eterogenea quanto pronta ad adattarsi alle situazioni che si trova ad affrontare, e come questa capacit&#xE0; di adattamento consenta a Paolo di delineare nuovi universi di senso al di l&#xE0; della congiuntura che li ha dettati, costellazioni inedite che non si lasciano esaurire in classificazioni univoche o riduttive. Ne risulta un Paolo pensatore che non teme il paragone con i filosofi del tempo, come anche illustra la grande quantit&#xE0; di testi greci e latini addotti, e un Paolo che si rivela un formidabile strumento di vita.</subfield>
  </datafield>
  <datafield tag="655" ind1=" " ind2="7">
    <subfield code="a">Sacra Scrittura. Studi sul Nuovo Testamento</subfield>
    <subfield code="x">Paolo: biografia.</subfield>
    <subfield code="2">local</subfield>
    <subfield code="9">57519</subfield>
  </datafield>
  <datafield tag="655" ind1=" " ind2="7">
    <subfield code="a">Sacra Scrittura. Studi sul Nuovo Testamento</subfield>
    <subfield code="x">Paolo: studi e teologia.</subfield>
    <subfield code="2">local</subfield>
    <subfield code="9">56750</subfield>
  </datafield>
  <datafield tag="700" ind1="1" ind2=" ">
    <subfield code="a">Franchini, Stefano,</subfield>
    <subfield code="d">1975-,</subfield>
    <subfield code="e">curatore.</subfield>
    <subfield code="9">60959</subfield>
  </datafield>
  <datafield tag="767" ind1="0" ind2=" ">
    <subfield code="a">Schnelle, Udo 1952-</subfield>
    <subfield code="t">Paulus.</subfield>
    <subfield code="d">Berlin ; New York : De Gruyter, 2003.</subfield>
    <subfield code="k">De Gruyter Lehrbuch</subfield>
    <subfield code="z">3-11-012856-X</subfield>
    <subfield code="w">()345481</subfield>
  </datafield>
  <datafield tag="830" ind1=" " ind2="0">
    <subfield code="a">Biblioteca del commentario Paideia  ;</subfield>
    <subfield code="v">7.</subfield>
    <subfield code="9">60960</subfield>
  </datafield>
  <datafield tag="942" ind1=" " ind2=" ">
    <subfield code="2">ddc</subfield>
    <subfield code="c">BK</subfield>
  </datafield>
  <datafield tag="999" ind1=" " ind2=" ">
    <subfield code="c">360221</subfield>
    <subfield code="d">360221</subfield>
  </datafield>
  <datafield tag="952" ind1=" " ind2=" ">
    <subfield code="0">0</subfield>
    <subfield code="1">0</subfield>
    <subfield code="2">ddc</subfield>
    <subfield code="4">0</subfield>
    <subfield code="6">227_000000000000000_092SCH_UD_PA_PPV_23345</subfield>
    <subfield code="7">1</subfield>
    <subfield code="a">CINISELLO</subfield>
    <subfield code="b">CINISELLO</subfield>
    <subfield code="d">2024-09-10</subfield>
    <subfield code="l">0</subfield>
    <subfield code="o">227.092-SCH ud pa (ppv 23345)</subfield>
    <subfield code="p">9788839409256</subfield>
    <subfield code="r">2024-09-10 12:20:05</subfield>
    <subfield code="w">2024-09-10</subfield>
    <subfield code="y">BK</subfield>
  </datafield>
</record>
